000 01245naa a22003377a 4500
001 BR7703360
003 BR-BrBNA
005 20240918174010.0
007 ta
008 230509b bl.||||| |||| 00| 0 por d
040 _aBR-BrBNA
_bpor
_cBiblioteca Nacional de Agricultura
041 _a(Es)
072 _aC00; L00
_b7100
_bG534
090 _aC00 BR7703360
100 1 _aAriel Arrambide, J.
100 1 _aMartinez D'Anato, J.C.
100 1 _aZapata, G.
111 1 _a4. Congresso Brasileiro de Apicultura
_cCuritiba, PR (Brazil)
_d9 Sep 1976
245 1 _aDocencia en apicultura [Uruguai]
260 3 _aRibeirao Preto, SP (Brasil):
_c1977.
500 _aGoncalves, L.E. (ed.) Anais do 4. Congresso Brasileiro de Apicultura Ribeirao Preto, SP (Brasil): 1977. p. 261-275 (BR7703360-AM)C00
650 _aExtensao rural
650 _aProducao animal
650 _aAbelha
650 _aCurso
650 _aApicultura
650 _aUruguai
773 0 _tAnais do 4. Congresso Brasileiro de Apicultura
_aGoncalves, L.E. (ed.). Faculdade de Medicina de Ribeirao Preto, SP (Brasil). Depto. de Genetica
_b
_wC00 BR7703360
_gRibeirao Preto, SP (Brasil), 1977. p. 261-275
909 _a202404
_bLucia
_c55
_dLucia Elande
942 _cAM
_2AGRIS
999 _c308240
_d308240